Ako sa podniká na Slovensku?

Rozhovor s výkonným riaditeľom Podnikateľskej aliancie Slovenska (PAS) Róbertom Kičinom o hlavných cieľoch Podnikateľskej aliancie Slovenska, o výsledkoch činnosti, o spoločných problémoch malých a stredných podnikateľov, o podnikateľskom prostredí na Slovensku.

Gespeichert in:
Bibliographische Detailangaben
1. Verfasser: Kramárová, Zlatica
Weitere Verfasser: Kičina, Róbert
Format: Buchkapitel
Sprache:Slowakisch
Schlagworte:
Tags: Tag hinzufügen
Keine Tags, Fügen Sie das erste Tag hinzu!

MARC

LEADER 00000naa a2200000 4500
001 0204693
005 20231011130230.1
041 0 |a slo 
044 |a SK 
245 1 0 |a Ako sa podniká na Slovensku?  |c Zlatica Kramárová, Róbert Kičina 
520 |a Rozhovor s výkonným riaditeľom Podnikateľskej aliancie Slovenska (PAS) Róbertom Kičinom o hlavných cieľoch Podnikateľskej aliancie Slovenska, o výsledkoch činnosti, o spoločných problémoch malých a stredných podnikateľov, o podnikateľskom prostredí na Slovensku. 
610 2 0 |a podnikanie malé 
610 2 0 |a podnikanie stredné 
610 2 0 |a podnikatelia 
610 2 0 |a prostredie podnikateľské 
610 2 0 |a aliancie strategické 
610 2 0 |a Slovensko 
100 1 |a Kramárová, Zlatica 
700 1 |a Kičina, Róbert